LEADER 01581nam0 22003131i 450 001 UON00528321 005 20250730020453.336 010 $a978-17-85332-56-2 100 $a20250424d2016 |0itac50 ba 101 $aeng 102 $aUS 105 $a|||| ||||| 200 1 $aCity of the future$ebuilt space, modernity and urban change in Astana$fMateusz Laszczkowski 210 $aNew York$cBerghahn Books$d2016 215 $axii, 205 p., c. di tav.$cill.$d24 cm 410 1$1001UON00529009$12001 $aIntegration and conflict studies$1210 $aNew York$aOxford$cBerghahn$d2008-.$v14 606 $aAstana ( Kazakistan)$xSociologia$xIdentità di gruppo$3UONC105027$2FI 606 $aAstana ( Kazakistan)$xSociologia$xriqualificazione urbana$3UONC105028$2FI 620 $aUS$dNew York$3UONL000050 686 $aAC XIII$cAsia Centrale - Sociologia, Ecologia, Politica ambientale$2A 700 1$aLaszczkowski$bMateusz$3UONV297668$01629903 712 $aBerghahn Books$3UONV259064$4650 801 $aIT$bSOL$c20251205$gRICA 899 $aSIBA - SISTEMA BIBLIOTECARIO DI ATENEO E ARCHIVIO STORICO$2UONSI 912 $aUON00528321 950 $aSIBA - SISTEMA BIBLIOTECARIO DI ATENEO E ARCHIVIO STORICO$dSI AC XIII 024 N $eSI 52796 5 024 N 951 $aSIBA - SISTEMA BIBLIOTECARIO DI ATENEO E ARCHIVIO STORICO$bSI2025120 1J 20250424Bolla n.142 dell'11/06/2025. 996 $aCity of the future$93967924 997 $aUNIOR